000 00194nam a2200073Ia 4500
008 170523s9999 xx 000 0 und d
100 _aLin- Yi-Bang
245 0 _aWireless and Mobile Network Architectures
260 _aWiley India
999 _c12054
_d12054